000 00344nam a2200133Ia 4500
005 20260328104332.0
008 260328s9999||||xx |||||||||||||| ||und||
100 _aWilson, Mark Anthony
245 0 _aJulia Morgan Architect of Beauty /
_cMark Anthony Wilson
260 _bGibbs Smith
300 _a206 p.
650 _aFOTOGRAFÍA
942 _cBK
999 _c11739
_d11739